Resid efendi regényes élete Vámos Magda Vámbéry Árminról szóló könyvét ...

Podrobná bibliografia
Hlavný autor: Vajda, Barnabás, 1970- (Autor)
Médium: Článok
Jazyk:maďarčina
PhysicalDescription:Obr.
Predmet:

MARC

LEADER 00000nab a2200000 a 4500
001 vtls000755080
003 SK-MaSNL
005 20260305000530.0
008 160322c2001 xo 0 hun
015 |a SNBRB2001/03-13121 
035 |a CLN000106867 
040 |a SNKBUCL  |b slo  |c SNKBUCL  |e AACR2 
041 0 |a hun 
044 |a xo  |c SK 
080 |a 910.4-051(048)  |2 UDC-MRF-SK2 
080 |a 801-051(048)  |2 UDC-MRF-SK2 
100 1 |a Vajda, Barnabás,  |d 1970-  |4 aut  |9 101782 
245 1 0 |a Resid efendi regényes élete  |b Vámos Magda Vámbéry Árminról szóló könyvét ...  |c Vajda Barnabás 
300 |b Obr. 
600 1 7 |a Vámbéry, Ármin,  |d 1832-1913  |2 snkbucl  |9 264134 
650 0 7 |a biografie  |2 snkbucl  |9 111226 
655 7 |a recenzie  |2 snkbucl  |9 21907 
655 7 |a články z novín a časopisov  |2 snkbucl  |9 267496 
773 0 |t Új szó  |g Roč. 54, č. 68 (22.3.2001), s. 14 
787 0 8 |i Rec.:  |a Vámos, Magda  |t Resid efendi  |d Dunaszerdahely : Lilium Aurum, 2000  |z 8080620431 
850 |a Slovenská národná knižnica v Martine 
852 |a SNK  |b KIS3GCP 
958 |a HU 
958 |a SK 
958 |a BX 
958 |a RC 
958 |a RBX 
999 |c 3214219  |d 3216149